| 000 | 00623cam a22002293a 4500 | ||
|---|---|---|---|
| 001 | 1238 | ||
| 003 | PGUSA | ||
| 005 | 20140828082958.0 | ||
| 008 | 980301s1998||||xxu|||||s|||||000 p eng d | ||
| 040 |
_aPGUSA _beng |
||
| 042 | _adc | ||
| 050 | 4 | _aPR | |
| 100 | 1 |
_aThomson, James, _d1834-1882 |
|
| 245 | 1 | 4 |
_aThe City of Dreadful Night _h[electronic resource] / _cJames Thomson |
| 260 |
_bProject Gutenberg, _c1998 |
||
| 506 | _aPublic domain in the USA. | ||
| 516 | _aElectronic text | ||
| 653 | _aEnglish poetry | ||
| 830 | 0 |
_aProject Gutenberg _v1238 |
|
| 856 | 4 | 0 | _uhttp://www.gutenberg.org/ebooks/1238 |
| 942 | _cEB | ||
| 999 |
_c230586 _d230586 |
||